| 000 | 00662nab a2200193 4500 | ||
|---|---|---|---|
| 001 | 244442 | ||
| 003 | OSt | ||
| 005 | 20240827082002.0 | ||
| 007 | tu | ||
| 008 | 200917s2020||||||| | ||
| 040 |
_aDE-2950 _cDE-2950 |
||
| 245 | 0 | 0 |
_aDie Enthüllung rückt näher _bDenkmal. Der Altbau des Kleist-Museums ist eine der ältesten Immobilien der Stadt. Seit 2021 wird er saniert. Wann kann man die neue Fassade bestaunen/ _cLisa Larossa, |
| 264 | _c2024 | ||
| 653 | _aFrankfurt (Oder) | ||
| 653 | _aKleist-Museum | ||
| 653 | _aFassadensanierung | ||
| 773 | 0 |
_g35. Jahrgang (2024) Nr. 199 vom 26.08.2024, S. 11, mit Foto _tMärkische Oderzeitung |
|
| 942 |
_2z _cA |
||
| 999 |
_c373302 _d373302 |
||